000 00682nam a2200193 i 4500
001 95453
003 ES-MaACL
005 20251113132055.0
007 t|
008 050530s1976 sp ||||1| spa d
100 1 _aLleonart Amsélem, Alberto J.
_972763
245 1 0 _aDel Gibraltar inglés
_b: su inconsciencia legal e histórica /
_cAlberto José LLeonart Amselem; prólogo de Lucas Mª de Oriol y Urquijo.
260 _aMadrid :
_bGráf. Uguina,
_c1968.
300 _a291 p. ;
_c21 cm.
700 1 _aOriol y Urquijo, Lucas María de,
_d1910-2003
_9174689
852 _aES-MaACL
_jF-6264
_bR.66485
852 _aES-MaACL
_jC-34663
_bR.66658
999 _c95453
_d95453